Impacto de los desastres en la salud pública /
Tallennettuna:
| Päätekijä: | |
|---|---|
| Yhteisötekijä: | |
| Aineistotyyppi: | Teksti |
| Julkaistu: |
Bogotá:
OPS
|
| Aiheet: | |
| Tagit: |
Lisää tagi
Ei tageja, Lisää ensimmäinen tagi!
|
MARC
| LEADER | 00000 a a2200000 04500 | ||
|---|---|---|---|
| 001 | 27982 | ||
| 003 | |||
| 040 | |||
| 020 | |a [sin ISBN] | ||
| 022 | |a [sin ISBN] | ||
| 090 | |a 192000 | ||
| 100 | |a Noji, Eric. K | ||
| 110 | |a National Center for Environmental Health. Center for Disease Control and Prevention | ||
| 245 | |a Impacto de los desastres en la salud pública / |c Eric k. Noji; National Center for Environmental Health. Center for Disease Control and Prevention | ||
| 260 | |a Bogotá: |b OPS | ||
| 300 | |a 461 páginas | ||
| 300 | |b **no definido** |b fonodiscos |b map. |b escudos de armas | ||
| 500 | |a Incluye índice temático. Traducido por Fabio A Rivas, Comentario de Carlos Fernández | ||
| 650 | |a DESASTRES NATURALES | ||
| 650 | |a DESASTRES CAUSADOS POR EL HOMBRE | ||
| 650 | |a SALUD PUBLICA | ||
| 650 | |a PREVENCION DE DESASTRES | ||
| 650 | |a EPIDEMEOLOGIA | ||
| 650 | |a SALUD MENTAL | ||
| 650 | |a MEDIOS DE COMUNICACION | ||
| 999 | |c 1162 |d 1162 | ||
